EURIPIDES, texte établi et traduit par Louis Méridier.

Guardado en:
Formato: Libro
Idioma:Greek
French
Publicado: Paris : Les belles lettres, 1950.
Etiquetas: Agregar Etiqueta
Sin Etiquetas, Sea el primero en etiquetar este registro!
LEADER 00434nam a22001455a 4500
001 EHU.bham049821
003 AR-BHAM
005 20050623122921.0
008 041125s1950####fr############000#0#gre#d
041 0 |a gre  |a fre 
082 0 4 |a 882 
245 0 0 |a EURIPIDES, texte établi et traduit par Louis Méridier. 
260 |a Paris :  |b Les belles lettres,  |c 1950. 
300 |a 6 v. 
859 |a AR-BHAM  |b BIB. HUMANIDADES - Seccion BC  |h 882  |i Eu73-1  |p BC1241/959  |v v.5 BC